ბათუმის შოთა რუსთაველის სახელმწიფო უნივერსიტეტის ბიბლიოთეკა

ქებათა ქება ნიკორწმინდას;გოგლა ლეონიძე–ნინოწმინდის ღამე:კრებული (ბიბ.ჩანაწერი № 43583)

000 -LEADER
fixed length control field 01015nam a2200229Ia 4500
001 - CONTROL NUMBER
control field 10317
003 - CONTROL NUMBER IDENTIFIER
control field GE_BSU
008 - FIXED-LENGTH DATA ELEMENTS--GENERAL INFORMATION
fixed length control field 181216s||||||||xx |||||||||||||| ||und||
040 ## - CATALOGING SOURCE
Transcribing agency GE_BSU
080 ## - UNIVERSAL DECIMAL CLASSIFICATION NUMBER
Universal Decimal Classification number 821.353.1–1
100 ## - MAIN ENTRY--PERSONAL NAME
Personal name ტაბიძე,გალაქტიონ
245 ## - TITLE STATEMENT
Title ქებათა ქება ნიკორწმინდას;გოგლა ლეონიძე–ნინოწმინდის ღამე:კრებული
245 ## - TITLE STATEMENT
Statement of responsibility, etc. შემდგ.ჯუმბერ ჯალაღონია;მხატვ.თარ ქანდარია;რედ.ალეკო გეგია
260 ## - PUBLICATION, DISTRIBUTION, ETC.
Place of publication, distribution, etc. თბილისი
260 ## - PUBLICATION, DISTRIBUTION, ETC.
Name of publisher, distributor, etc. საქ.რესპ–კა
260 ## - PUBLICATION, DISTRIBUTION, ETC.
Date of publication, distribution, etc. 1981
300 ## - PHYSICAL DESCRIPTION
Extent 16გვ .20სმ.
653 ## - INDEX TERM--UNCONTROLLED
Uncontrolled term გოგლა ლეონიძე–ნინოწმინდის ღამე
653 ## - INDEX TERM--UNCONTROLLED
Uncontrolled term კრებული
653 ## - INDEX TERM--UNCONTROLLED
Uncontrolled term ქებათა ქება ნიკორწმინდას
942 ## - ADDED ENTRY ELEMENTS (KOHA)
Koha item type წიგნი
ეგზემპლარები
Withdrawn status Lost status Damaged status Not for loan Date acquired Barcode Date last seen Price effective from Koha item type
        2018-12-17 33956 2018-12-17 2018-12-17 წიგნი
        2018-12-17 33957 2018-12-17 2018-12-17 წიგნი